000 00695cam a2200217 a 4500
001 000019360
005 20200929170008.0
008 100626s2002 pna 000 0 spa d
020 _a9962022851
040 _aDO-SdBNP
_bspa
_cBNPHU
082 _aP861.44
_bE77d
100 1 _aEspinosa, Adriana
_941598
245 1 0 _aDe quién es el alba /
_cAdriana Espinosa; prólogo Diógenes Cedeño Cenci.
260 _aPanamá :
_bPoligráfica,
_c2002.
300 _a136 p. :
_bil. ;
_c21 cm.
500 _aIncluye datos biográficos de la autora p. 13
650 4 _aPoesía panameña
_94260
650 4 _aLiteratura panameña
_94261
700 1 _aCedeño Cenci, Diógenes
_epról.
_941599
049 _aBGR
999 _c18877
_d18877